[Event "Curitiba Parana-ch"]
[Site "Curitiba"]
[Date "2016.01.29"]
[Round "5"]
[White "Da Silva, Antonio H Carster L"]
[Black "Silva, Janderson Rossi Da"]
[Result "1-0"]
[WhiteElo "1620"]
[BlackElo "1831"]
[PlyCount "63"]
[EventDate "2016.01.26"]
[EventType "swiss"]
[EventRounds "8"]
[EventCountry "BRA"]
[SourceTitle "CBM 170 Extra"]
[Source "ChessBase"]
[SourceDate "2016.02.25"]
[SourceVersion "1"]
[SourceVersionDate "2016.02.25"]
[SourceQuality "1"]

1. e4 e5 2. Nf3 Nf6 3. Nxe5 d6 4. Nf3 Nxe4 5. Nc3 Nxc3 6. dxc3 Be7 7. Be3 Nc6 8. Qd2 Bg4 9. Be2 Qd7 10. h3 Be6 11. Nd4 Nxd4 12. Bxd4 f6 13. Bf3 d5 14. 0-0-0 Qa4 15. Kb1 0-0-0 16. Rhe1 Rd6 17. Be2 b5 18. Qd3 Ra6 19. Qxb5 Qxa2+ 20. Kc1 Ra5 21. Qb3 Qxb3 22. cxb3 c5 23. Bf3 Kd7 24. Be3 Ra1+ 25. Kd2 Ra2 26. Kc1 Rb8 27. Bxd5 Bxd5 28. Rxd5+ Kc6 29. Red1 Ra1+ 30. Kc2 Rxd1 31. Rxd1 Bd6 32. Rxd6+ 1-0

[Event "Curitiba Parana-ch"]
[Site "Curitiba"]
[Date "2016.01.29"]
[Round "6"]
[White "Souza, Gustavo Horokoski"]
[Black "Da Silva, Antonio H Carster L"]
[Result "1-0"]
[WhiteElo "1905"]
[BlackElo "1620"]
[PlyCount "113"]
[EventDate "2016.01.26"]
[EventType "swiss"]
[EventRounds "8"]
[EventCountry "BRA"]
[SourceTitle "CBM 170 Extra"]
[Source "ChessBase"]
[SourceDate "2016.02.25"]
[SourceVersion "1"]
[SourceVersionDate "2016.02.25"]
[SourceQuality "1"]

1. d4 Nf6 2. Bg5 d5 3. Nf3 c6 4. e3 Bf5 5. Nbd2 e6 6. Bd3 Bxd3 7. cxd3 Be7 8. 0-0 Nbd7 9. Rb1 a5 10. Ne5 0-0 11. f4 c5 12. dxc5 Nxc5 13. Ndf3 Nfd7 14. Bxe7 Qxe7 15. Qd2 Nxe5 16. Nxe5 f6 17. Nf3 a4 18. Rbe1 Rfd8 19. Re2 Ra6 20. Ne1 Rc6 21. g4 Nd7 22. Rg2 Rdc8 23. g5 e5 24. gxf6 Rxf6 25. f5 Rcf8 26. e4 dxe4 27. dxe4 Qc5+ 28. Kh1 Rd6 29. Qg5 Rg6 30. Qd2 Rxg2 31. Qxg2 Qc4 32. Rg1 Rf7 33. b3 axb3 34. axb3 Qxb3 35. Nf3 h6 36. Nd2 Qd3 37. Rf1 Nf6 38. Rf3 Qc2 39. Rf2 Rd7 40. h3 b5 41. Re2 b4 42. Nf1 Qc6 43. Ng3 b3 44. Rb2 Rd3 45. Kh2 Rc3 46. Ne2 Rd3 47. Ng3 Re3 48. Rd2 Nxe4 49. Nxe4 Qxe4 50. Rd8+ Kf7 51. Qg6+ Ke7 52. Qe8+ Kf6 53. Qg6+ Ke7 54. Re8+ Kd7 55. Qe6+ Kc7 56. Re7+ Kb8 57. Qg8# 1-0

[Event "Curitiba Parana-ch"]
[Site "Curitiba"]
[Date "2016.01.28"]
[Round "4"]
[White "Dos Santos, Rubens Fernando Nor"]
[Black "Da Silva, Antonio H Carster L"]
[Result "0-1"]
[WhiteElo "1193"]
[BlackElo "1620"]
[PlyCount "66"]
[EventDate "2016.01.26"]
[EventType "swiss"]
[EventRounds "8"]
[EventCountry "BRA"]
[SourceTitle "CBM 170 Extra"]
[Source "ChessBase"]
[SourceDate "2016.02.25"]
[SourceVersion "1"]
[SourceVersionDate "2016.02.25"]
[SourceQuality "1"]

1. e4 c5 2. Nf3 d6 3. d4 cxd4 4. Nxd4 Nf6 5. Nc3 a6 6. Bg5 e6 7. Bd3 Be7 8. 0-0 Nc6 9. Nb3 Qc7 10. f4 0-0 11. Qe2 b5 12. Qe3 Ng4 13. Qg3 Bxg5 14. Qxg4 Bh6 15. Rf3 Bd7 16. Rh3 f5 17. Qg3 Rf6 18. Re1 Rg6 19. Qh4 Rg4 20. Qh5 Be8 21. Qxh6 gxh6 22. Rxh6 Rxg2+ 23. Kxg2 Qg7+ 24. Kh1 Qxh6 25. Rg1+ Kf8 26. Ne2 fxe4 27. Bxe4 Ke7 28. Nbd4 Rc8 29. f5 Nxd4 30. Nxd4 Qe3 31. Rg7+ Bf7 32. Nc6+ Kf6 33. Rg6+ hxg6 0-1